000 00781nam a2200205Ii 4500
003 JO-AjNU
008 230605s9999||||xx |||||||||||||| ||und||
017 _a1969/2312
040 _aJO-AjNU
_bara
_erda
_cJO-AjNU
041 _aara
050 1 4 _aQ181 1996
100 3 _aلي، ويلي/ م. مشارك محمد صابر سليم ؛ ترجمة احمد علي فراج ,
_eauthor
_934710
245 0 0 _aالشمس والطاقة واستغلال البحار البراكين والامواج وترويض الرياح
264 3 1 _aالقاهرة:عالم الكتب ، 1996
300 _a240ص
336 _atext
_btxt
_2rdacontent
337 _aunmediated
_bn
_2rdamedia
338 _avolume
_bnc
_2rdacarrier
650 4 _aالطاقة -الشمس- البراكين
_934711
999 _aA14259
_c17827
_d17827